Central Library OPAC University of Rajshahi

Calcutta metropolitan explosion : (Record no. 17029)

MARC details
000 -LEADER
fixed length control field 00811cam a2200253 i 4500
001 - CONTROL NUMBER
control field 17029
003 - CONTROL NUMBER IDENTIFIER
rucl marc code BD-RjUL
005 - DATE AND TIME OF LATEST TRANSACTION
control field 20211209000058.0
008 - FIXED-LENGTH DATA ELEMENTS--GENERAL INFORMATION
fixed length control field 140216t1975 ii b b 000 0 eng
035 ## - SYSTEM CONTROL NUMBER
System control number (BD-RjUL)17086
040 ## - CATALOGING SOURCE
Original cataloging agency DLC
Transcribing agency DLC
Modifying agency DLC
-- BD-RjUL
Language of cataloging eng
041 ## - LANGUAGE CODE
Language code of text/sound track or separate title eng
082 00 - DEWEY DECIMAL CLASSIFICATION NUMBER
Classification number 301.36409
Author mark and year MUC 1975
100 1# - MAIN ENTRY--PERSONAL NAME
Personal name Munsī, Sunīla,
Dates associated with a name 1922-
9 (RLIN) 52523
245 10 - TITLE STATEMENT
Title Calcutta metropolitan explosion :
Remainder of title its nature and roots /
Statement of responsibility, etc. by Sunil K. Munsi.
260 ## - PUBLICATION, DISTRIBUTION, ETC. (IMPRINT)
Place of publication, distribution, etc. New Delhi :
Name of publisher, distributor, etc. People's Pub. House,
Date of publication, distribution, etc. 1975.
300 ## - PHYSICAL DESCRIPTION
Pagination viii, 175 p. :
Illustrations maps ;
Size 22 cm.
504 ## - BIBLIOGRAPHY, ETC. NOTE
Bibliography, etc Includes bibliographical references.
650 #0 - SUBJECT ADDED ENTRY--TOPICAL TERM
Topical term or geographic name as entry element Cities and towns
General subdivision Growth.
9 (RLIN) 52524
651 #0 - SUBJECT ADDED ENTRY--GEOGRAPHIC NAME
Geographic name Calcutta Metropolitan Area (India)
General subdivision Economic conditions.
9 (RLIN) 52525
942 ## - ADDED ENTRY ELEMENTS (KOHA)
Source of classification or shelving scheme Dewey Decimal Classification
Koha item type Books
Holdings
Lost status Source of classification or shelving scheme Damaged status Not for loan Collection code Permanent Location Current Location Shelving location Date acquired Source of acquisition Cost, normal purchase price Total Checkouts Full call number Date last seen Copy number Koha item type
  Dewey Decimal Classification   Not For Loan Non-fiction Central Library, University of Rajshahi Central Library, University of Rajshahi Reading Room 10/05/1980 K.P. Bagehi cal 25.00   301.36409 MUC 1975 16/02/2014 C-1 Books